[O zahraničnej politike Charla de Gaulla]

Recenzia na vedeckú monografiu, ktorá sa venuje vybraným aspektom zahraničnej politiky štátnika a tvorcu svetovej politiky v 20. storočí Charla de Gaulla.

Na minha lista:
Detalhes bibliográficos
Autor principal: Brocková, Katarína, 1976-
Formato: Capítulo de Livro
Idioma:eslovaco
Assuntos:
Tags: Adicionar Tag
Sem tags, seja o primeiro a adicionar uma tag!

MARC

LEADER 00000naa a2200000 4500
001 0271347
005 20240502074252.5
041 0 |a slo 
044 |a SK 
245 1 0 |a [O zahraničnej politike Charla de Gaulla]  |c Katarína Brocková 
520 |a Recenzia na vedeckú monografiu, ktorá sa venuje vybraným aspektom zahraničnej politiky štátnika a tvorcu svetovej politiky v 20. storočí Charla de Gaulla. 
610 2 0 |a recenzie 
610 2 0 |a politika zahraničná 
610 2 0 |a história 
610 2 0 |a politika 
100 1 |a Brocková, Katarína, 1976-